000 01563nam0a22003611 4500
001 rc\4636118
005 20250612135633.0
021 _aRU
_b[64-68239]
035 _a(NLR Aleph) 008682460
090 _a9187624
_c9187624
100 _a20130416d1964 |||y0rusy50 ca
101 0 _arus
102 _aRU
105 _aa z |||||
200 1 _aСистемы с шаговыми двигателями
_fПод ред. проф. М.Г. Чиликина
210 _aМосква
_aЛенинград
_cЭнергия
_d1964
215 _a136 с.
_cил.
_d20
225 1 _aБиблиотека по автоматике
_vВып. 110
_iЭлектроприводы с полупроводниковым управлением
300 _aПеред загл. авт.: В.А. Ратмиров, Б.А. Ивоботенко, В.К. Цаценкин, Л.А. Садовский
320 _aБиблиогр.: с. 134-135 (36 назв.)
606 _aЭлектроприводы автоматические
_2psbo
606 _aЭлектродвигатели шаговые
_2psbo
701 1 _aИвоботенко
_bБ.А.
701 1 _aЦаценкин
_bВ.К.
701 1 _aРатмиров
_bВ.А.
_gВалерий Аркадьевич
701 1 _aСадовский
_bЛ.А.
702 1 _4340
_7ca
_8rus
_aЧиликин
_bМ. Г.
_f1909-1977
_gМихаил Григорьевич
_9240682
_3RU\NLR\AUTH\770240738
801 0 _aRU
_bNLR
_gpsbo
801 1 _aRU
_bELAR
_2rusmarc
852 _aNLR
_j64-3/5178
942 _cBOOK
980 _aNB